| 000 | 02260nab a2200265 i 4500 | ||
|---|---|---|---|
| 003 | BR-BrBNA | ||
| 005 | 20251010190312.0 | ||
| 008 | 251010b2022 bl.ar|pooa||| 00| 0 eng | | ||
| 040 |
_aBR-BrBNA _beng |
||
| 072 | _aF70 | ||
| 100 | _a Fraga, Claudio Nicoletti de | ||
| 100 | _aFernandez, Eduardo Pinheiro | ||
| 100 | _aFontana, André Paviotti | ||
| 245 | _aFlora of Espírito Santo: Prepusa and Senaea (Helieae, Gentianaceae) | ||
| 500 | _aPublicação on-line; 18 ref.; 5 illus.; Summaries (En, Pt) | ||
| 520 | _a Abstract The Flora of Espírito Santo presents three species of Helieae (Gentianaceae), circumscribed in the genera Prepusa, with two species, and Senaea with only one species. These poorly known species are described and illustrated here, and had their diagnostic characters and their similarities with other species discussed. In addition, this paper provides an emended key for species and geographic distribution maps of all species of Prepusa and Senaea from Flora of Espírito Santo, with additional comments on their conservation status. Key words: Brazil, endemism, Prepusa, Senaea, taxonomy. Resumo A Flora do Espírito Santo possui três espécies da Tribo Helieae (Gentianaceae), circunscritas nos gêneros Prepusa, com duas espécies, e Senaea, com apenas uma espécie. Essas espécies pouco conhecidas são aqui descritas e ilustradas, e tiveram discutidos seus caracteres diagnósticos e suas semelhanças com outras espécies. Além disso, este artigo fornece uma chave de identificação para as espécies e mapas de distribuição geográfica de todas as espécies de Prepusa e Senaea da Flora do Espírito Santo, bem como comentários adicionais sobre seus status de conservação. Palavras-chave: Brasil, endemismo, Prepusa, Senaea, taxonomia. | ||
| 650 | _aBRASIL | ||
| 650 | _aTAXONOMIA | ||
| 650 | _aGENTIANACEAE | ||
| 650 | _aESPÍRITO SANTO | ||
| 773 | 0 |
_0709 _9357916 _dRio de Janeiro-RJ Jardim Botanico do Rio de Janeiro 1935 _o2025-5881 _tRodriguésia (Brazil) _x0370-6583; 2175-7860 on-line _gv. 73 p. 1-12; (2022) _wBR2025004387 |
|
| 856 | _uhttps://www.scielo.br/j/rod/a/DdjKDhVdDSDHQFPtx9xRtjC/?format=pdf&lang=en | ||
| 942 | _cANA | ||
| 999 |
_c338640 _d338640 |
||